Missing Word: 'E' History Figures Quiz Stats

 Plays Quiz Updated Mar 17, 2016

Challenge
Share
Tweet
Embed
Score 0/30 Timer 03:00
0 Plays Today
Hint Answer % Correct
____ Presley - singerElvis
97.8%
Dwight D. ____ - US PresidentEisenhower
97.7%
Thomas ____ - inventorEdison
97.5%
T. S. ____ - writerEliot
94.8%
Amelia ____ - aviatrixEarhart
94.3%
____ Hemingway - writerErnest
93.9%
____ Fitzgerald - jazz singerElla
93.8%
____ I - Queen of EnglandElizabeth
93.8%
____ Dickinson - writerEmily
93.7%
Duke ____ - jazz musicianEllington
90.5%
____ Roosevelt - US first ladyEleanor
90%
____ Perón - First Lady of ArgentinaEva
89.8%
Ralph Waldo ____ - transcendentalistEmerson
89.2%
____ Flynn - actorErrol
82%
____ Longshanks - King of EnglandEdward
75.9%
Hint Answer % Correct
____ Pound - poetEzra
71.9%
____ Piaf - French singerÉdith
71.5%
____ Zola - writerÉmile
70.2%
____ Wiesel - writerElie
57.1%
____ Waugh - writerEvelyn
51.6%
____ Degas - impressionist painterEdgar
44.6%
George ____ - photography entrepreneurEastman
43.7%
____ Grieg - composerEdvard
43.2%
____ Goldman - anarchistEmma
35.8%
Max ____ - surrealist painterErnst
34.3%
____ Rosenberg - Cold War traitorEthel
33%
Gustave ____ - French architectEiffel
30.4%
Lord ____ - remover of Parthenon marblesElgin
26%
____ - Greek playwrightEuripides
20.2%
____ Pankhurst - suffragetteEmmeline
18.3%

Today's Daily Dose

You're not logged in!

Compare scores with friends on all Sporcle quizzes.
OR
Log In

You Might Also Like...

Show Comments

Extras

Top Quizzes Today


Score Distribution

Your Account Isn't Verified!

In order to create a playlist on Sporcle, you need to verify the email address you used during registration. Go to your Sporcle Settings to finish the process.

Report this User

Report this user for behavior that violates our Community Guidelines.

Details: